000 00884cam a2200205 4500
001 L136028
008 070103n2006 000 0 eng u
035 _a(Sirsi) u136028
041 0 _aeng
110 2 _aCB Richard Ellis
_93675
245 0 0 _aGlobal market rents
_bNovember 2006
260 _bCB Richard Ellis
_c2006
490 0 _aCB Richard Ellis Global Market Rents
_vNovember 2006
520 _aProvides a comparison of office occupancy costs in markets worldwide. Gives a commentary on market and economic conditions in the United States, Canada, Latin America, Europe, Asia, Australia and Africa. Tables compare office rents and occupancy costs in different cities.
590 _aKA
651 4 _aInternational
690 _aPROPERTY-COMMERCIAL PROPERTY-OFFICE PROPERTY
856 4 0 _uhttps://www.cbre.com/
_zView the item free of charge at www.cbre.com/...
942 _n0
999 _c106292
_d106292